Shelley`s poetry and prose (Record no. 4451)

MARC details
000 -LEADER
fixed length control field 00537cam a2200205ua 4500
008 - FIXED-LENGTH DATA ELEMENTS--GENERAL INFORMATION
fixed length control field 120306n nyu |||gr||||Z||||||eng
020 ## - INTERNATIONAL STANDARD BOOK NUMBER
International Standard Book Number 0-393-97752-8
040 ## - CATALOGING SOURCE
Transcribing agency MAIN
082 ## - DEWEY DECIMAL CLASSIFICATION NUMBER
Classification number 821
100 ## - MAIN ENTRY--PERSONAL NAME
Personal name Shelley, P. B.,
Relator term
245 11 - TITLE STATEMENT
Title Shelley`s poetry and prose
Statement of responsibility, etc. by P. B. Shelley
250 ## - EDITION STATEMENT
Edition statement 1st.
260 ## - PUBLICATION, DISTRIBUTION, ETC.
Place of publication, distribution, etc. New york:
Name of publisher, distributor, etc. W. W. Norton & company,
Date of publication, distribution, etc. 2007.
300 ## - PHYSICAL DESCRIPTION
Extent 786p:
Dimensions 23cm.
700 ## - ADDED ENTRY--PERSONAL NAME
Personal name Reiman, Donald H.,
Relator term
700 ## - ADDED ENTRY--PERSONAL NAME
Personal name Fraistat, Neil,
Relator term
942 ## - ADDED ENTRY ELEMENTS (KOHA)
Koha item type Books
653 ## - INDEX TERM--UNCONTROLLED
Uncontrolled term English poetry
Holdings
Withdrawn status Lost status Damaged status Not for loan Home library Current library Shelving location Date acquired Total Checkouts Full call number Barcode Date last seen Copy number Price effective from Koha item type
        Naharkatiya College Library Naharkatiya College Library General Stacks 19/09/2020   821 | SHE 19096 19/09/2020 1 19/09/2020 Books

Naharkatiya College © 2020. All rights reserved.

Powered By